000 00864nas a2200301 4500
001 BR0707968
003 BR-BrBNA
005 20231205111414.0
007 ta
008 230509b bl.|||p| |||| 00| 00por d
040 _aBR-BrBNA
_bpor
_cBiblioteca Nacional de Agricultura
041 _a(Pt)
072 _aF01; F04
100 1 _aLange, A.
100 1 _aCarvalho, J.L.N.
100 1 _aDamin, V.
100 1 _aCruz, J.C.
100 1 _aGuilherme, L.R.G.
100 1 _aMarques, J.J.
245 1 _aDoses de nitrogêncio e de palha em sistema de plantio direto de milho no Cerrado
650 _aMILHO
650 _aPANTIO DIRETO
650 _aNITROGENIO
650 _aURÉIA
773 0 _tRevista Ceres (Brazil)
_xISSN 0034-737X
_g(Mar-Apr 2006), v. 53(306) p. 171-178
_wBR0707968
909 _a202311
_bLúcia
_c55
_dLúcia Elande
942 _2AGRIS
_n0
_cANA
999 _c192540
_d192540